000 00529cam a22002291 4500
001 sa 64000196
003 DLC
005 20260227111954.0
008 940607s1962 ii 000 0 beno
010 _asa 64000196
025 _aPL480:EP-B-151
035 _a(OCoLC)30568273
040 _aDLC
_cCU
_dCU
_dDLC
042 _apremarc
050 0 0 _aPK1718.A83
_bC3
100 1 _aAshraf, Syed Ali.
245 1 0 _aCaitra yakhana.
260 _c[1962?]
300 _a43 p.
_c22 cm.
500 _aIn Bengali.
500 _aPoems.
999 _c56085
_d56085